[Event "Astrakhan Region-ch"]
[Site "Astrakhan"]
[Date "2013.10.08"]
[Round "4"]
[White "Kishibaev, Islam"]
[Black "Mesnyankin, Nikita"]
[Result "1/2-1/2"]
[WhiteElo "2023"]
[BlackElo "1852"]
[PlyCount "43"]
[EventDate "2013.10.05"]
[EventType "swiss"]
[EventRounds "9"]
[EventCountry "RUS"]
[SourceTitle "EXT 2014"]
[Source "ChessBase"]
[SourceDate "2013.11.20"]
[SourceVersion "1"]
[SourceVersionDate "2013.11.20"]
[SourceQuality "1"]

1. Nf3 d5 2. g3 c5 3. Bg2 Nc6 4. 0-0 Nf6 5. d3 e6 6. Nbd2 Be7 7. e4 Qc7 8. Re1 b6 9. e5 Nd7 10. Qe2 g5 11. h3 h5 12. c3 Ba6 13. g4 hxg4 14. hxg4 0-0-0 15. Nf1 Rdg8 16. c4 d4 17. a3 Bb7 18. Bd2 Rh7 19. Ng3 Rgh8 20. Bxg5 Ndxe5 21. Bxe7 Nxf3+ 22. Qxf3 1/2-1/2

[Event "Yufo U18"]
[Site "Astrakhan"]
[Date "2012.11.03"]
[Round "8"]
[White "Kondrashov, Kirill"]
[Black "Kishibaev, Islam"]
[Result "0-1"]
[WhiteElo "1925"]
[BlackElo "2071"]
[PlyCount "86"]
[EventDate "2012.10.27"]
[EventType "swiss"]
[EventRounds "9"]
[EventCountry "RUS"]
[SourceTitle "EXT 2022"]
[Source "ChessBase"]
[SourceDate "2021.10.06"]
[SourceVersion "1"]
[SourceVersionDate "2021.10.06"]
[SourceQuality "1"]

1. e4 e5 2. Nf3 Nc6 3. d4 exd4 4. Bc4 d6 5. Nxd4 Nf6 6. 0-0 Be7 7. Nc3 0-0 8. h3 Ne5 9. Be2 Re8 10. f4 Nc6 11. Bf3 Nxd4 12. Qxd4 Bf8 13. Be3 g6 14. Rae1 Bg7 15. Qd2 Bd7 16. Bf2 Bc6 17. g4 a6 18. Qc1 b5 19. Bh4 Qb8 20. e5 dxe5 21. fxe5 Nd7 22. Nd5 Nxe5 23. Rxe5 Rxe5 24. Ne7+ Rxe7 25. Bxe7 Bxf3 26. Rxf3 Qb6+ 27. Kg2 Qe6 28. Bh4 Qxa2 29. b3 Qb2 30. Qf4 Qxc2+ 31. Kg3 f5 32. gxf5 Qxf5 33. Qd2 Qe6 34. Kg2 Re8 35. Bf2 c6 36. Re3 Qf7 37. Rf3 Qd5 38. Qxd5+ cxd5 39. Rd3 d4 40. Rd1 Kf7 41. Ra1 d3 42. Rxa6 Rd8 43. Ra7+ Kg8 0-1

[Event "Yufo U18"]
[Site "Astrakhan"]
[Date "2012.11.01"]
[Round "6"]
[White "Kishibaev, Islam"]
[Black "Oganian, Miran1111"]
[Result "1/2-1/2"]
[WhiteElo "2071"]
[BlackElo "2281"]
[PlyCount "81"]
[EventDate "2012.10.27"]
[EventType "swiss"]
[EventRounds "9"]
[EventCountry "RUS"]
[SourceTitle "EXT 2022"]
[Source "ChessBase"]
[SourceDate "2021.10.06"]
[SourceVersion "1"]
[SourceVersionDate "2021.10.06"]
[SourceQuality "1"]

1. e4 c5 2. Nc3 Nc6 3. Nf3 e6 4. Bb5 Nd4 5. Bc4 Nf6 6. 0-0 a6 7. d3 d5 8. Bb3 Nxb3 9. axb3 Be7 10. Qe2 0-0 11. Re1 b6 12. Bg5 Bb7 13. e5 Nd7 14. Bxe7 Qxe7 15. Nb1 b5 16. c3 Nb6 17. Nbd2 Rfc8 18. Ra5 Qc7 19. Raa1 a5 20. Rec1 Qd7 21. h3 h6 22. Qe3 Qd8 23. Qe2 Qe7 24. Qe3 Nd7 25. Ne1 a4 26. Nc2 axb3 27. Nxb3 Ra4 28. d4 c4 29. Nd2 Rca8 30. Nf3 Nb6 31. Rxa4 Rxa4 32. Nb4 Qd8 33. Ne1 Nc8 34. Nec2 Ne7 35. Ra1 Rxa1+ 36. Nxa1 Nc6 37. Nxc6 Bxc6 38. Nc2 Qa5 39. Qc1 Kf8 40. Qa1 Qxa1+ 41. Nxa1 1/2-1/2

[Event "Yufo U18"]
[Site "Astrakhan"]
[Date "2012.10.28"]
[Round "2"]
[White "Mazurov, Arslan"]
[Black "Kishibaev, Islam"]
[Result "1-0"]
[WhiteElo "1819"]
[BlackElo "2071"]
[PlyCount "65"]
[EventDate "2012.10.27"]
[EventType "swiss"]
[EventRounds "9"]
[EventCountry "RUS"]
[SourceTitle "EXT 2022"]
[Source "ChessBase"]
[SourceDate "2021.10.06"]
[SourceVersion "1"]
[SourceVersionDate "2021.10.06"]
[SourceQuality "1"]

1. e4 e5 2. Nf3 Nc6 3. Bb5 a6 4. Bxc6 dxc6 5. 0-0 Qd6 6. d4 exd4 7. Nxd4 c5 8. Ne2 Bd7 9. Nbc3 0-0-0 10. Nd5 Be6 11. c4 Ne7 12. Bf4 Qc6 13. Qc2 Rd7 14. Rac1 Ng6 15. Be3 f6 16. b4 Ne5 17. a4 Kd8 18. b5 Qd6 19. Rfd1 Bxd5 20. Rxd5 Qb6 21. Nd4 Bd6 22. Ne6+ Ke8 23. Nxc5 Bxc5 24. Bxc5 Qe6 25. h3 g5 26. Bd4 Ng6 27. Rd1 Rxd5 28. exd5 Qd6 29. Re1+ Kf7 30. Re6 Qb4 31. Rxf6+ Ke7 32. Re6+ Kd7 33. Bxh8 1-0

[Event "Astrakhan Region-ch"]
[Site "Astrakhan"]
[Date "2012.10.17"]
[Round "6"]
[White "Kishibaev, Islam"]
[Black "Razdrogin, Sergei"]
[Result "1/2-1/2"]
[WhiteElo "2071"]
[BlackElo "1817"]
[PlyCount "74"]
[EventDate "2012.10.13"]
[EventType "swiss"]
[EventRounds "9"]
[EventCountry "RUS"]
[SourceTitle "EXT 2023"]
[Source "ChessBase"]
[SourceDate "2022.10.05"]
[SourceVersion "1"]
[SourceVersionDate "2022.10.05"]
[SourceQuality "1"]

1. e4 e5 2. Nc3 Nc6 3. g3 g6 4. Bg2 Bg7 5. Nge2 Nge7 6. 0-0 0-0 7. d3 d6 8. Be3 Be6 9. Qd2 Qd7 10. Nd5 f5 11. Nxe7+ Nxe7 12. c3 c6 13. d4 fxe4 14. Bxe4 d5 15. Bg2 Nf5 16. dxe5 Nxe3 17. Qxe3 Bh3 18. Rad1 Bxg2 19. Kxg2 Bxe5 20. c4 Bxb2 21. cxd5 cxd5 22. Qb3 Bg7 23. Rxd5 Qf7 24. Rd7 Qxb3 25. axb3 Rf7 26. Rxf7 Kxf7 27. Rc1 Re8 28. Kf3 Re7 29. Rc8 Bb2 30. Nf4 Be5 31. Nd5 Rd7 32. Ke4 Bg7 33. f4 Ke6 34. Nc7+ Kf7 35. Nb5 a6 36. Rc7 Ke6 37. Rxd7 Kxd7 1/2-1/2

[Event "Astrakhan op"]
[Site "Astrakhan"]
[Date "2012.08.20"]
[Round "6"]
[White "Kishibaev, Islam"]
[Black "Kotenko, Pavel"]
[Result "1/2-1/2"]
[WhiteElo "2033"]
[BlackElo "2397"]
[PlyCount "31"]
[EventDate "2012.08.15"]
[EventType "swiss"]
[EventRounds "9"]
[EventCountry "RUS"]
[SourceTitle "CBM 150 Extra"]
[Source "ChessBase"]
[SourceDate "2012.10.19"]
[SourceVersion "1"]
[SourceVersionDate "2012.10.19"]
[SourceQuality "1"]

1. e4 e5 2. Nc3 Nf6 3. g3 Nc6 4. Bg2 Bc5 5. Nge2 a6 6. d3 d6 7. h3 Be6 8. Nd5 Qd7 9. Be3 Bxd5 10. exd5 Ne7 11. c4 Nf5 12. Qd2 h5 13. 0-0-0 0-0-0 14. Bxc5 dxc5 15. Qa5 Qd6 16. Nc3 1/2-1/2

[Event "Astrakhan op"]
[Site "Astrakhan"]
[Date "2011.08.20"]
[Round "4.4"]
[White "Kishibaev, Islam"]
[Black "Bedirov, Timur"]
[Result "0-1"]
[WhiteElo "2001"]
[BlackElo "2257"]
[PlyCount "58"]
[EventDate "2011.08.17"]
[EventType "swiss"]
[EventRounds "9"]
[EventCountry "RUS"]
[SourceTitle "EXT 2022"]
[Source "ChessBase"]
[SourceDate "2021.10.06"]
[SourceVersion "1"]
[SourceVersionDate "2021.10.06"]
[SourceQuality "1"]

1. e4 c5 2. c4 Nc6 3. Nc3 g6 4. g3 Bg7 5. Bg2 d6 6. Nge2 Ne5 7. 0-0 Nd3 8. f4 e6 9. Qc2 Nxc1 10. Raxc1 Ne7 11. g4 Nc6 12. Qd3 0-0 13. b3 Rb8 14. f5 Be5 15. fxg6 hxg6 16. Rf2 Qg5 17. Bh3 Nb4 18. Qf3 Qxd2 19. Rd1 Qg5 20. Nb5 Nc6 21. Kh1 Qe7 22. Rg2 a6 23. Na3 Qg5 24. Nc2 b5 25. Ne3 Bb7 26. Rgg1 Ne7 27. Bg2 Kg7 28. Rdf1 Ng8 29. Qf2 Nf6 0-1